000 00904nam a2200229 a 4500
001 BRCA_6972
005 20190320205650.0
008 221111s1931----sp-a######---#000-0#spa-#
041 _aspa
044 _asp
050 4 _aN5210
_b.L66 1931
245 1 0 _aImpresiones de arte
_bColecciones particulares
_cpor Mauricio López Roberts, Marques de la Torrehermosa
260 _aMadrid
_bCompañía Iberoamericana de Publicaciones
_c1931
300 _a253 p.
_bil.
_c?? cm.
500 _aEx-Libris de: H. H. Brehrens
500 _aO205
501 _aContiene: señores Juan de Muquiro; Andre Jaquemart; Sara Wilkinson Santamarina; Marques de Casa Torres; Marqueses de Castel-Rodrigo; Condes de Torres Arias: Famili Bauer, Duques de Ferman-Nuñez; señor Cocnacq
650 1 4 _aPinturas
_xColecciones particulares
_910387
650 1 4 _aColeccionistas y colecciones
_917366
902 _aGFM
942 _2lcc
_cB
999 _c6653
_d6653